000 00718nam a2200229 a 4500
001 BRCA_2687
005 20190320203925.0
008 021208s1952----ne-a---###---#000-0#dut-u
050 4 _aNK7154
_b.C38 1952
245 1 0 _aCatalogus van goud en zilverwerken, benevens zilveren, loden en bronzen plaquetten
_cRijksmuseum (Netherlands).
250 _a2
260 _aAmsterdam
_bRijksmuseum
_c1952
300 _axxxiv, 178 p.
_bil.
_c22 cm.
500 _aIncluye índice onomástico.
500 _aAA43
650 1 4 _aPlatería
_zAmsterdam
_97613
650 1 4 _aOrfebrería
_zAmsterdam
_97614
650 1 4 _aGalerías y museos
_zHolanda
_97615
710 2 _aRijks-Museum (Amsterdam)
_97616
902 _aGFM
942 _2lcc
_cB
999 _c2427
_d2427